Largest US Cities - Statistics

General Stats
  • This quiz has been taken 69 times
    50 since last reset
  • The average score is 24 of 30
Answer Stats
Hint Answer % Correct
4 Houston
98%
2 Los Angeles
98%
1 New York City
98%
3 Chicago
95%
5 Philadelphia
95%
9 Dallas
91%
23 Denver
91%
6 Phoenix
91%
8 San Diego
89%
21 Boston
84%
18 Detroit
84%
7 San Antonio
84%
22 Seattle
84%
13 Indianapolis
82%
12 Jacksonville
82%
14 San Francisco
82%
24 Washington
82%
26 Baltimore
80%
17 Charlotte
80%
28 Portland
80%
15 Columbus
77%
20 Memphis
77%
11 Austin
75%
25 Nashville
75%
10 San Jose
70%
30 Milwaukee
68%
29 Oklahoma City
68%
16 Fort Worth
66%
19 El Paso
64%
27 Louisville
50%
No matching quizzes found
Score Distribution
Percent of People with Each Score
Percentile by Number Answered
Your Score History
You have not taken this quiz since the last reset